| 000 | 01062nam a22002655a 4500 | ||
|---|---|---|---|
| 999 |
_c27509 _d27480 |
||
| 005 | 20190602104057.0 | ||
| 008 | 190602s2017 ua a grb 000 0 eng d | ||
| 020 | _a9789772584253 | ||
| 040 |
_aEG-ScBUE _beng _cEG-ScBUE _dEG-ScBUE |
||
| 043 | _af-ua--- | ||
| 082 | 0 | 4 |
_a338.47910962 _bZAH _222 |
| 100 | 1 | _aZahran, Mahmoud A. | |
| 245 | 1 | 0 |
_aGuide to safari tourism in Egypt's deserts = المرشد إلى سياحة السفاري في صحاري مصر : _billustrated handbook / _cMahmoud A. Zahran and Yasser A. EL-Amier ; revised by Hassan A. Etman. |
| 246 | 3 | 1 | _aمرشد إلى سياحة السفاري في صحاري مصر |
| 260 |
_aCairo : _bal-Dār al-ʻArabīyah lil-Nashr wa-al-Tawzīʻ, _c2017. |
||
| 300 |
_a97 p. : _bill. (col.) ; _c24 cm. |
||
| 504 | _aIncludes bibliographical references. | ||
| 541 | _aDr. Mahmoud A. Zahran ; | ||
| 650 | 7 |
_aالسياحة _zمصر. _2BUEsh |
|
| 651 | _2BUEsh | ||
| 653 |
_bGGEN _cMay2019 |
||
| 700 | 1 | _a EL-Amier, Yasser A. | |
| 700 | 1 |
_a Etman, Hassan A. _eeditor. |
|
| 942 | _2ddc | ||